Top 10 Europa League All-Time Clubs - Statistics

General Stats
  • This quiz has been taken 305 times
    250 since last reset
  • The average score is 9 of 10
Answer Stats
# Team Country Part. Best Pts % Correct
9 AFC Ajax Netherlands 29 Win (1) 182
97%
1 Inter Milan Italy 28 Win (3) 236
95%
3 PSV Eindhoven Netherlands 27 Win (1) 219
93%
2 Sporting CP Portugal 35 Final 226
93%
4 Sevilla FC Spain 17 Win (7) 217
91%
6 AS Roma Italy 19 Final 202
86%
8 RSC Anderlecht Belgium 21 Win (1) 184
85%
7 Club Brugge Belgium 32 Final 200
81%
5 Tottenham Hotspur England 16 Win (2) 213
74%
10 Red Star Belgrade Serbia 31 Final 182
73%
No matching quizzes found
Score Distribution
Percent of People with Each Score
Percentile by Number Answered
Your Score History
You have not taken this quiz since the last reset